Govt. of
Madhya Pradesh

Restaurant 2000 (Record no. 40195)

MARC details
000 -LEADER
fixed length control field 004810000a22001810004500
003 - CONTROL NUMBER IDENTIFIER
control field MACL
005 - DATE AND TIME OF LATEST TRANSACTION
control field 20151219153435.0
008 - FIXED-LENGTH DATA ELEMENTS--GENERAL INFORMATION
fixed length control field 151219b xxu||||| |||| 00| 0 eng d
040 ## - CATALOGING SOURCE
Original cataloging agency MACL
Transcribing agency MACL
041 ## - LANGUAGE CODE
Language code of text/sound track or separate title English
082 ## - DEWEY DECIMAL CLASSIFICATION NUMBER
Classification number 647.95/CAS
100 ## - MAIN ENTRY--PERSONAL NAME
Personal name Casamassima, Christy
9 (RLIN) 21466
245 ## - TITLE STATEMENT
Title Restaurant 2000
Remainder of title Dining Design 3
260 ## - PUBLICATION, DISTRIBUTION, ETC. (IMPRINT)
Name of publisher, distributor, etc. PBC International Inc
Date of publication, distribution, etc. 1998
350 ## - PRICE (NR) (BK AM CF MU VM SE) [OBSOLETE]
Price 3095
650 ## - SUBJECT ADDED ENTRY--TOPICAL TERM
Topical term or geographic name as entry element Management of Public house hold
9 (RLIN) 21467
942 ## - ADDED ENTRY ELEMENTS (KOHA)
Koha item type Books
Call number prefix 674.95/CAS
Source of classification or shelving scheme
Holdings
Withdrawn status Lost status Source of classification or shelving scheme Damaged status Not for loan Home library Current library Date acquired Full call number Barcode Date last seen Uniform Resource Identifier Price effective from Koha item type
          MACL MACL 15/04/2015 674.95/CAS GRB003095 29/04/2015 40441 15/04/2015 Books